| 000 | 01209pam a2200337 a 4500 | ||
|---|---|---|---|
| 999 |
_c18556 _d18528 |
||
| 001 | 015748261 | ||
| 003 | EG-ScBUE | ||
| 005 | 20201128021117.0 | ||
| 008 | 110202s2012 enka f d 001 0 eng d | ||
| 020 | _a9780273754374 (pbk.) | ||
| 020 | _a0273754378 (pbk.) | ||
| 040 |
_aStDuBDS _beng _cStDuBDS _dUk _dEG-ScBUE |
||
| 082 | 0 | 4 |
_a657.0285 _bROM _222 |
| 100 | 1 |
_aRomney, Marshall B., _eauthor. _936456 |
|
| 245 | 1 | 0 |
_aAccounting information systems / _cMarshall B. Romney, Brigham Young University, Paul J. Steinbart, Arizona State University. |
| 250 | _aTwelfth edition. | ||
| 250 | _aGlobal edition. | ||
| 264 | 1 |
_aHarlow, England : _bPearson Education Limited, _c2012. |
|
| 300 |
_a718 pages : _billustrations ; _c28 cm |
||
| 336 |
_2rdacontent _atext _btxt |
||
| 337 |
_2rdamedia _aunmediated _bn |
||
| 338 |
_2rdacarrier _avolume _bnc |
||
| 500 | _aIncludes glossary. | ||
| 500 | _aIncludes index. | ||
| 650 | 7 |
_aAccounting _xData processing. _2BUEsh _919144 |
|
| 650 | 7 |
_aInformation storage and retrieval systems _xAccounting. _2BUEsh _91544 |
|
| 653 |
_bBUSADM _cNovember2014 |
||
| 655 |
_vReading book _934232 |
||
| 700 | 1 |
_aSteinbart, Paul John, _eauthor. _936457 |
|
| 942 |
_2ddc _k657.0285 ROM _cBB |
||